000 00210 a2200097 4500
020 _a9788497776844
041 _aspa
100 _aPearl eric
245 _aEl mundo cuantico de la sanacion energia
942 _cBK
999 _c10953
_d10953